Economic life in Ottoman Europe : taxation, trade and the struggle for land, 1600-1800
Αποθηκεύτηκε σε:
| Κύριος συγγραφέας: | |
|---|---|
| Μορφή: | Βιβλίο |
| Γλώσσα: | English |
| Δημοσίευση: |
Cambridge :
Cambridge University Press,
1981
|
| Σειρά: | Studies in modern capitalism
|
| Θέματα: | |
| Ετικέτες: |
Προσθήκη ετικέτας
Δεν υπάρχουν, Καταχωρήστε ετικέτα πρώτοι!
|
MARC
| LEADER | 00000pam a2200000 i 4500 | ||
|---|---|---|---|
| 001 | 1/84546 | ||
| 008 | 970505s1981 eng d | ||
| 020 | |a 0-521-24208-8 | ||
| 035 | |l 10006051 | ||
| 040 | |a GR-MY-UA |b gre |e aacr | ||
| 041 | 0 | |a eng | |
| 082 | 0 | |a 330.947 | |
| 100 | 1 | |a McGowan, Bruce. | |
| 245 | 1 | 0 | |a Economic life in Ottoman Europe : |b taxation, trade and the struggle for land, 1600-1800 / |c Bruce McGowan |
| 260 | |a Cambridge : |b Cambridge University Press, |c 1981 | ||
| 300 | |a xii, 226 p.; |c 24 cm | ||
| 490 | 1 | |a Studies in modern capitalism | |
| 504 | |a Includes bibliographical references and indexes | ||
| 650 | 0 | 0 | |a Taxation |z Balkan Peninsula |x History. |
| 650 | 0 | 0 | |a Land use |z Balkan Peninsula |x History. |
| 651 | 0 | |a Balkan Peninsula |x Economic conditions. | |
| 651 | 0 | |a Balkan Peninsula |x Commerce |x History. | |
| 830 | 0 | |a Studies in modern capitalism | |
| 852 | |a INST |b LESVOS |e 19970505 |h 330.947 MCG |p 005100011394 |q 005100011394 |t BK |y 0 | ||
| 909 | |a Λ |b 008511 | ||